000
00317nam a22001217a 4500
008
160504b xxu||||| |||| 00| 0 eng d
020
_a
9780314036469
020
_a
0314036466
041
_a
eng
080
_a
612.39
245
_a
Nutrition concepts and controersies;
_c
Frances Sizer ; Eleanor Whitney;
942
_2
udc
_c
BK
999
_c
1787
_d
1787